| 000 | 00555nam a22002052 4500 | ||
|---|---|---|---|
| 001 | 0000004436 | ||
| 005 | 20151217154348.0 | ||
| 008 | 070523s xx 000 0 eng d | ||
| 020 |
_a033343627 : _cGBP 21.99 |
||
| 040 |
_aKABU _cKABU |
||
| 050 | 0 |
_aQA184 _b.T69 |
|
| 100 | 1 |
_aTowers, David A. _@0000154999 |
|
| 245 | 1 | 0 | _aGuide to linear algebra. |
| 260 |
_aLondon : _bMacmillan, _c1988. |
||
| 300 | _ax, 210 p. | ||
| 650 | 0 |
_aAlgebras, Linear. _@0000154658 |
|
| 908 | _a070523 | ||
| 950 | _@1 | ||
| 999 |
_c10771 _d10771 |
||